003470000a2200121000450024500300000065000410003065000160007165000150008704100130010270000220011510000190013777300690015610aEcology of seed dispersal14aPatrones de dispersión de semillas14aEvolución14aEcología0 aInglés1 aSmallwood, Judith1 aHowe, Henry F.1 tAnnual Review of Ecology and Systematics3205h13q201-228d1982